| 000 | 00830nam a2200253Ia 4500 | ||
|---|---|---|---|
| 001 | 18159 | ||
| 003 | GE_BSU | ||
| 008 | 181216s||||||||xx |||||||||||||| ||und|| | ||
| 020 | _a9789941905001 | ||
| 040 | _cGE_BSU | ||
| 080 | _a811.353.1-26 | ||
| 100 | _aფუტკარაძე, ტ. | ||
| 245 | _aქართველთა დედაენა და დიალექტები | ||
| 245 | _cრედ.: ეკატერინე დადიანი | ||
| 260 | _aქუთაისი | ||
| 260 | _bლამპარი | ||
| 260 | _c2008 | ||
| 300 | _a109 გვ.20სმ. | ||
| 300 | _eბიბლ.გვ.101-108 | ||
| 541 | _h5ლ. | ||
| 653 | _aქართველთა დედაენა და დიალექტები | ||
| 653 | _aქართული ენა | ||
| 942 | _cBK | ||
| 999 |
_c51200 _d51200 |
||